00524nam a2200193 a 4500001001300000003000900013005001700022008004100039020001000080082001700090100003400107245003100141260003700172300000800209500003500217505001700252650002700269700003400296nice12345678IN_TiNIC20260116012043.0050524s1955 hyda grp 000 0 urd  ac10000a297.293bSHA aShareef Faqir Muhammad, Afzal aInam-E-Christmas Wa Easter aHyderabadbDeendar Anjumanc1955 a79p aincludes index and biblioraphy2 aBibliography aIslam-Apologetic Works1 aShareef Faqir Muhammad, Afzal